[Event "XII Festival A"]
[Site "Lucca ITA"]
[Date "2000.10.08"]
[Round "3"]
[White "Ambrosi, Arcangelo"]
[Black "Corso, Roberto"]
[Result "0-1"]
[WhiteElo "1857"]
[BlackElo "1705"]
[PlyCount "55"]
[EventDate "2000.10.07"]

1. b4 d5 2. Bb2 Bf5 3. e3 Nf6 4. c4 e6 5. a3 c6 6. Nf3 Bd6 7. Nc3 Nbd7 8. Be2
O-O 9. cxd5 exd5 10. O-O h6 11. Rc1 a6 12. d3 Qe7 13. d4 Ne4 14. Na4 a5 15. Nc5
axb4 16. axb4 Ndf6 17. h3 Ra2 18. Qb3 Rfa8 19. Ra1 Rxa1 20. Rxa1 Rxa1+ 21. Bxa1
b6 22. Nd3 Ng3 23. fxg3 Qxe3+ 24. Kf1 Bxg3 25. Nfe5 Ne4 26. Bc3 Bxe5 27. Qb2
Ng3+ 28. Ke1 0-1

[Event "XII Festival A"]
[Site "Lucca ITA"]
[Date "2000.10.08"]
[Round "3"]
[White "Bardi, Massimo"]
[Black "Casarosa, Michele"]
[Result "0-1"]
[WhiteElo "1803"]
[BlackElo "1786"]
[PlyCount "36"]
[EventDate "2000.10.07"]

1. e4 c5 2. Nf3 Nc6 3. b4 b6 4. b5 Nd4 5. Bc4 e6 6. O-O Nf6 7. e5 d5 8. Nxd4
cxd4 9. Qf3 Ne4 10. Bd3 Bb7 11. c4 Nc5 12. Qe2 Nxd3 13. Qxd3 dxc4 14. Qxc4 Rc8
15. Qe2 Qd5 16. f4 d3 17. Qg4 Qd4+ 18. Kh1 Qxa1 0-1

[Event "XII Festival A"]
[Site "Lucca ITA"]
[Date "2000.10.08"]
[Round "3"]
[White "Bartolini, Tommaso"]
[Black "Nelli, Luca"]
[Result "1-0"]
[WhiteElo "2165"]
[BlackElo "1927"]
[PlyCount "121"]
[EventDate "2000.10.07"]

1. d4 Nf6 2. Bg5 e6 3. Nf3 b6 4. e3 Bb7 5. Nbd2 Be7 6. Bd3 d5 7. c3 Nbd7 8. Qa4
c6 9. O-O h6 10. Bh4 O-O 11. Ne5 Nxe5 12. dxe5 Nd7 13. Bxe7 Qxe7 14. Qf4 f6 15.
exf6 Qxf6 16. Qg3 e5 17. e4 Nc5 18. Bc2 Ne6 19. Nf3 Nf4 20. Rfe1 Ba6 21. exd5
e4 22. Rxe4 cxd5 23. Rxf4 Qxf4 24. Qg6 Rf6 25. Qh7+ Kf7 26. Re1 Re6 27. Rxe6
Kxe6 28. Nd4+ Kd6 29. Nf5+ Kc6 30. Qg6+ Kc7 31. Qxg7+ Kc6 32. Qf6+ Kc7 33. Qe7+
Kb8 34. Qd8+ Bc8 35. Ne3 Qe5 36. Bb3 Qc7 37. Qxd5 a6 38. Qh5 Qg7 39. Qh4 Ka7
40. Bd5 Rb8 41. g3 Qg5 42. Qd4 Bb7 43. h4 Qg6 44. c4 Qd6 45. Qg7 Ka8 46. a3
Bxd5 47. Nxd5 Rb7 48. Qd4 Qc5 49. Qxc5 bxc5 50. b4 cxb4 51. axb4 Ka7 52. g4 Rb8
53. f4 Rc8 54. c5 Rd8 55. Ne7 Re8 56. Nc6+ Kb7 57. Ne5 Rd8 58. f5 Rd4 59. f6
Rxb4 60. g5 hxg5 61. hxg5 1-0

[Event "XII Festival A"]
[Site "Lucca ITA"]
[Date "2000.10.08"]
[Round "3"]
[White "Carzolio, Luigi"]
[Black "Frilli, Guido"]
[Result "0-1"]
[WhiteElo "1814"]
[BlackElo "1600"]
[PlyCount "64"]
[EventDate "2000.10.07"]

1. b4 Nf6 2. Bb2 e6 3. a3 d5 4. e3 Be7 5. Nf3 O-O 6. c4 Nbd7 7. cxd5 exd5 8.
Nc3 c6 9. Be2 Ne4 10. O-O Ndf6 11. d3 Nd6 12. Qb3 Be6 13. Nd4 Qc7 14. e4 Nd7
15. f4 Nb6 16. Rac1 Qc8 17. f5 Bd7 18. a4 Rb8 19. a5 Na8 20. Nxd5 Bg5 21. Rc2
Qe8 22. Nc3 Be3+ 23. Kh1 Bxd4 24. Nd1 Bxb2 25. Qxb2 f6 26. Nf2 Nc7 27. Rg1 Ncb5
28. g4 Qe5 29. Qc1 Nd4 30. Ra2 N6b5 31. g5 Nxe2 32. Rxe2 Bxf5 0-1

[Event "XII Festival A"]
[Site "Lucca ITA"]
[Date "2000.10.08"]
[Round "3"]
[White "De Santis, Alessio"]
[Black "Mola, Pietro"]
[Result "1/2-1/2"]
[WhiteElo "2309"]
[BlackElo "2250"]
[PlyCount "51"]
[EventDate "2000.10.07"]

1. d4 Nf6 2. c4 e6 3. g3 d5 4. Bg2 Be7 5. Nf3 O-O 6. O-O Nbd7 7. Nc3 dxc4 8. e4
a6 9. a4 Rb8 10. Qc2 b5 11. axb5 axb5 12. Rd1 c6 13. Bf4 Rb6 14. Rd2 Bb7 15.
Rad1 Qa8 16. h3 Bb4 17. Ne5 Ra6 18. Nxd7 Nxd7 19. d5 e5 20. Be3 Nc5 21. dxc6
Bxc6 22. Nd5 Bxd2 23. Bxc5 Bxd5 24. exd5 Ba5 25. Bxf8 Qxf8 26. Qf5 1/2-1/2

[Event "XII Festival A"]
[Site "Lucca ITA"]
[Date "2000.10.08"]
[Round "3"]
[White "Donatini, Andrea"]
[Black "Zucconi, Leandro"]
[Result "0-1"]
[WhiteElo "1824"]
[BlackElo "2171"]
[PlyCount "66"]
[EventDate "2000.10.07"]

1. e4 e6 2. d4 d5 3. Nc3 dxe4 4. Nxe4 Nd7 5. Nf3 Ngf6 6. Bg5 Be7 7. Nxf6+ Nxf6
8. Bd3 b6 9. Ne5 Bb7 10. Bb5+ c6 11. Qf3 Qd5 12. Qxd5 Nxd5 13. Bxe7 cxb5 14.
Bh4 Nf4 15. Bg3 Nxg2+ 16. Ke2 h5 17. h4 f6 18. Nf3 g5 19. hxg5 fxg5 20. Nxg5 h4
21. Be5 Rh5 22. Nh3 O-O-O 23. Rhg1 Rf5 24. a4 b4 25. c3 Ba6+ 26. Kd1 Rxe5 27.
Rxg2 b3 28. f4 Re3 29. Ng5 Rf8 30. Rf2 Bc4 31. Kd2 Rd3+ 32. Ke1 Rg3 33. Kd2
Rxg5 0-1

[Event "XII Festival A"]
[Site "Lucca ITA"]
[Date "2000.10.08"]
[Round "3"]
[White "Franceschi, Riccardo"]
[Black "Tocchioni, Doriano"]
[Result "1-0"]
[WhiteElo "1785"]
[BlackElo "2250"]
[PlyCount "101"]
[EventDate "2000.10.07"]

1. c4 e5 2. Nc3 Nf6 3. g3 Bb4 4. Bg2 O-O 5. e3 Re8 6. Nge2 Nc6 7. O-O d6 8. Nd5
a5 9. Nec3 Bf5 10. d4 Bxc3 11. bxc3 a4 12. Nxf6+ Qxf6 13. e4 Bd7 14. Be3 Na5
15. Qd3 b6 16. f4 Qe7 17. f5 f6 18. d5 Bc8 19. Rab1 Ba6 20. Rb4 Qd7 21. Rfb1 g6
22. g4 gxf5 23. gxf5 Kh8 24. Bf3 Rg8+ 25. Kh1 Nb7 26. Bf2 Nc5 27. Qe3 Bb7 28.
Bh4 Raf8 29. R4b2 Ba6 30. Rb4 Bc8 31. Rd1 a3 32. Rbb1 Ba6 33. Be2 Qa4 34. Rg1
Qc2 35. Rxg8+ Kxg8 36. Rg1+ Kf7 37. Bf3 Qd3 38. Qf2 Nxe4 39. Qg2 Ng5 40. Bh5+
Ke7 41. Bxg5 Qxf5 42. Bxf6+ Qxf6 43. Qg7+ Qxg7 44. Rxg7+ Kd8 45. Bg4 Bc8 46.
Be2 Bf5 47. Kg1 Kc8 48. Bd1 Kb7 49. Ba4 Ra8 50. Bc6+ Ka6 51. Rxc7 1-0

[Event "XII Festival A"]
[Site "Lucca ITA"]
[Date "2000.10.08"]
[Round "3"]
[White "Gorelli Fagiolini, Marco"]
[Black "Koroveshi, Thoma"]
[Result "1/2-1/2"]
[WhiteElo "2203"]
[BlackElo "2041"]
[PlyCount "85"]
[EventDate "2000.10.07"]

1. e4 c5 2. Nf3 d6 3. d4 cxd4 4. Nxd4 Nf6 5. Nc3 g6 6. Be2 Bg7 7. O-O O-O 8.
Kh1 Nc6 9. Nb3 Be6 10. Bg5 Qc8 11. f4 Rd8 12. Bf3 Bc4 13. Rf2 e5 14. Nd5 Bxd5
15. exd5 Ne7 16. fxe5 dxe5 17. Bxf6 Bxf6 18. Bg4 Nf5 19. Qd3 e4 20. Qxe4 Bxb2
21. Rb1 Nd6 22. Qe2 Qc3 23. Rf3 Qc4 24. Qxc4 Nxc4 25. Rf4 b5 26. Be2 Be5 27.
Rf2 a5 28. Bd3 a4 29. Nd2 Nxd2 30. Rxd2 b4 31. Re2 Bc3 32. Bb5 Ra5 33. Bc6 Kf8
34. g3 Ra7 35. Rd1 Re7 36. Rxe7 Kxe7 37. Bxa4 Kd6 38. Rf1 f5 39. Bb3 Re8 40.
Kg2 Re2+ 41. Rf2 Rxf2+ 42. Kxf2 g5 43. h3 1/2-1/2

[Event "XII Festival A"]
[Site "Lucca ITA"]
[Date "2000.10.08"]
[Round "3"]
[White "Innocenti, Luca"]
[Black "Riccio, Eros"]
[Result "0-1"]
[WhiteElo "1668"]
[BlackElo "2122"]
[PlyCount "116"]
[EventDate "2000.10.07"]

1. Nf3 Nf6 2. g3 d5 3. Bg2 c6 4. O-O Bf5 5. d3 h6 6. Nbd2 e6 7. Re1 Be7 8. c3
O-O 9. Qc2 Bh7 10. e4 Nbd7 11. e5 Ne8 12. Nb3 a5 13. a4 c5 14. Qe2 Qb6 15. Nbd2
Qa6 16. c4 Nc7 17. b3 Rfd8 18. Bb2 Nb8 19. d4 Nc6 20. dxc5 Nb4 21. Nd4 Bxc5 22.
cxd5 Bd3 23. Qg4 Ncxd5 24. N2f3 Qb6 25. Rad1 Ne7 26. Bf1 Bxf1 27. Kxf1 Rd5 28.
Bc1 Ng6 29. h4 Rad8 30. Re4 Nc2 31. Be3 Nxd4 32. Nxd4 Bxd4 33. Rexd4 Qxb3 34.
h5 Nxe5 35. Qe4 Rxd4 36. Rxd4 Rxd4 37. Bxd4 Qd3+ 38. Qxd3 Nxd3 39. Ke2 Nb4 40.
Bc5 Nc6 41. Kd3 Ne5+ 42. Kd4 Nd7 43. Ba3 g6 44. hxg6 fxg6 45. Kc4 Kf7 46. Kb5
b6 47. Kc6 Ke8 48. Bd6 h5 49. Bc7 g5 50. Kd6 h4 51. gxh4 gxh4 52. Kxe6 Nc5+ 53.
Kf5 h3 54. Kg4 Nxa4 55. Kxh3 Kd7 56. Bg3 b5 57. f4 b4 58. Be1 b3 0-1

[Event "XII Festival A"]
[Site "Lucca ITA"]
[Date "2000.10.08"]
[Round "3"]
[White "Jurkovic, Ante"]
[Black "Ausmins, Elmar"]
[Result "1-0"]
[WhiteElo "2370"]
[BlackElo "2324"]
[PlyCount "93"]
[EventDate "2000.10.07"]

1. e4 c5 2. Nf3 d6 3. d4 cxd4 4. Nxd4 Nf6 5. Nc3 Nc6 6. Be3 e5 7. Nb3 Be6 8.
Bg5 Be7 9. Qd2 a6 10. O-O-O O-O 11. Kb1 Rc8 12. Bxf6 Bxf6 13. Qxd6 Nd4 14. Qxd8
Rfxd8 15. Bd3 b5 16. Nd5 Bxd5 17. exd5 g6 18. Be4 Bg7 19. Nxd4 exd4 20. Rhe1 b4
21. Bf3 Bf6 22. Re2 a5 23. Rd3 Kf8 24. a3 Rd6 25. axb4 axb4 26. Ka2 Ra6+ 27.
Kb3 Ra1 28. Red2 Rb1 29. Be4 Ke7 30. Re2 Kf8 31. Rf3 Kg7 32. Bd3 Rd8 33. Bc4
Rb8 34. Rd3 Kf8 35. Red2 Ra8 36. Rd1 Ra3+ 37. Kxb4 Be7+ 38. Kb5 Rxb2+ 39. Bb3
Bf6 40. Rf3 Kg7 41. d6 g5 42. d7 Ra8 43. Kc6 g4 44. Rf4 h5 45. Rfxd4 Bd8 46.
Re4 Rb8 47. Re8 1-0

[Event "XII Festival A"]
[Site "Lucca ITA"]
[Date "2000.10.08"]
[Round "3"]
[White "Masullo, Andrea"]
[Black "Bertino, Andrea"]
[Result "1-0"]
[WhiteElo "1837"]
[BlackElo "1765"]
[PlyCount "121"]
[EventDate "2000.10.07"]

1. e4 d6 2. d4 Nf6 3. Nc3 g6 4. f4 Bg7 5. Nf3 c5 6. Bb5+ Bd7 7. e5 Ng4 8. e6
Bxb5 9. exf7+ Kd7 10. Nxb5 Qa5+ 11. Nc3 cxd4 12. Nxd4 h5 13. h3 Nh6 14. Be3 Nc6
15. Nde2 Nf5 16. Bf2 Rhf8 17. O-O Rxf7 18. a3 Nd8 19. Qd3 Ne6 20. Rad1 Rc8 21.
Ne4 Qa6 22. Qxa6 bxa6 23. c3 Rc7 24. g3 Rf8 25. Rd2 Rc4 26. Ng5 Nxg5 27. fxg5
Ra8 28. Nf4 h4 29. Nxg6 hxg3 30. Be1 e6 31. Rf3 Rg8 32. Bxg3 Bxc3 33. Rxc3 Rxc3
34. bxc3 Rxg6 35. Bf4 Ke7 36. Rg2 e5 37. Bc1 Ke6 38. Kf2 e4 39. Rg4 d5 40. h4
Ng7 41. Rg2 Nh5 42. Ke3 Ng7 43. Kf4 Nh5+ 44. Kg4 Nf6+ 45. Kh3 Nd7 46. h5 Rg8
47. Rf2 Rc8 48. Bd2 Ne5 49. Rf6+ Ke7 50. Rxa6 Nf3 51. Bf4 Rxc3 52. Kg4 Rc8 53.
Rxa7+ Kf8 54. h6 Kg8 55. g6 d4 56. Rd7 e3 57. a4 Rf8 58. a5 d3 59. Rxd3 e2 60.
Bg3 Ne5+ 61. Kg5 1-0

[Event "XII Festival A"]
[Site "Lucca ITA"]
[Date "2000.10.08"]
[Round "3"]
[White "Patelli, Alessandro"]
[Black "Calugi, Francesco"]
[Result "1-0"]
[WhiteElo "2244"]
[BlackElo "1804"]
[PlyCount "89"]
[EventDate "2000.10.07"]

1. Nf3 d6 2. d4 Nf6 3. c4 g6 4. Nc3 Bg7 5. e4 O-O 6. Be2 e5 7. O-O exd4 8. Nxd4
Re8 9. f3 Nc6 10. Be3 Nh5 11. f4 Nf6 12. Bf3 Bg4 13. Nxc6 Bxf3 14. Qxf3 bxc6
15. Rae1 Qe7 16. h3 Qe6 17. e5 dxe5 18. fxe5 Qxe5 19. Qxc6 Qe6 20. Qxe6 Rxe6
21. Bd4 Rxe1 22. Rxe1 Re8 23. Rxe8+ Nxe8 24. Bxa7 Nd6 25. Nb5 Bxb2 26. Nxd6
cxd6 27. Kf2 Ba3 28. Ke3 Kf8 29. Kd4 Ke7 30. Kd5 f5 31. c5 Kd7 32. c6+ Kc7 33.
Be3 Kc8 34. Bg5 Kc7 35. Bf4 Bc5 36. a4 Bb4 37. a5 Bxa5 38. Bxd6+ Kc8 39. Ke6
Bd8 40. Kf7 g5 41. Ke6 g4 42. hxg4 fxg4 43. Kf5 h5 44. c7 Bh4 45. Kg6 1-0

[Event "XII Festival A"]
[Site "Lucca ITA"]
[Date "2000.10.14"]
[Round "4"]
[White "Ambrosi, Arcangelo"]
[Black "Bardi, Massimo"]
[Result "1-0"]
[WhiteElo "1857"]
[BlackElo "1803"]
[PlyCount "59"]
[EventDate "2000.10.07"]

1. b4 d5 2. Bb2 Bg4 3. Nf3 Bxf3 4. exf3 e6 5. b5 c6 6. a4 a6 7. c4 axb5 8. cxb5
Nf6 9. Be2 Be7 10. O-O O-O 11. d4 Qb6 12. Nd2 cxb5 13. Bxb5 Nc6 14. Nb3 Rfc8
15. Rc1 Na5 16. Qd3 Bb4 17. Nxa5 Qxa5 18. g3 Bd2 19. Rc2 Rxc2 20. Qxc2 Be1 21.
Qe2 Bc3 22. Rc1 Bxb2 23. Qxb2 Ne8 24. Bd7 Nd6 25. Rc5 Qe1+ 26. Kg2 Nc4 27. Qxb7
Rf8 28. Rc8 Nd2 29. Rxf8+ Kxf8 30. Qb4+ 1-0

[Event "XII Festival A"]
[Site "Lucca ITA"]
[Date "2000.10.14"]
[Round "4"]
[White "Ausmins, Elmar"]
[Black "Franceschi, Riccardo"]
[Result "1-0"]
[WhiteElo "2324"]
[BlackElo "1785"]
[PlyCount "62"]
[EventDate "2000.10.07"]

1. d4 Nf6 2. c4 g6 3. Nc3 Bg7 4. e4 d6 5. f4 O-O 6. Nf3 c5 7. d5 Bg4 8. Bd3 Na6
9. O-O Qc8 10. Qe1 Bxf3 11. Rxf3 e6 12. f5 exd5 13. exd5 Nb4 14. Bb1 Qe8 15.
Qh4 Qe5 16. a3 Na6 17. Be3 b5 18. Rh3 Rfe8 19. fxg6 hxg6 20. cxb5 Nc7 21. Ba2
Ne4 22. Qh7+ Kf8 23. Rf1 Ng5 24. Bxg5 Qxg5 25. Rg3 Qh5 26. Qxg6 Qxg6 27. Rxg6
Bd4+ 28. Kh1 Re3 29. Rxd6 Rae8 30. Rd7 f6 31. d6 Ne6 1-0

[Event "XII Festival A"]
[Site "Lucca ITA"]
[Date "2000.10.14"]
[Round "4"]
[White "Bartolini, Tommaso"]
[Black "De Santis, Alessio"]
[Result "1-0"]
[WhiteElo "2165"]
[BlackElo "2309"]
[PlyCount "122"]
[EventDate "2000.10.07"]

1. d4 d6 2. Bg5 h6 3. Bh4 g5 4. Bg3 Bg7 5. e3 c5 6. c3 Qb6 7. Qc2 Nc6 8. Nd2
cxd4 9. exd4 Be6 10. Bc4 d5 11. Bd3 Rc8 12. Qb3 Nf6 13. Ne2 Nd7 14. h4 Qxb3 15.
axb3 f6 16. b4 a6 17. f4 Bf7 18. hxg5 hxg5 19. Rxh8+ Bxh8 20. f5 Bg7 21. Kf2 e5
22. b5 axb5 23. Bxb5 Kf8 24. Nf3 e4 25. Ne1 Kg8 26. Nc2 Nb6 27. Ne3 Bf8 28. Bh2
Be7 29. g4 Bd8 30. Nc1 Be7 31. Nb3 Bf8 32. Ke2 Be7 33. Kd2 Bf8 34. Bg3 Be7 35.
Na5 Ra8 36. Nxc6 Rxa1 37. Nxe7+ Kg7 38. Bc7 Rb1 39. Nd1 Nc4+ 40. Bxc4 dxc4 41.
Bd6 e3+ 42. Ke2 Be8 43. Ba3 b5 44. d5 b4 45. Bxb4 Ba4 46. Nxe3 Rxb2+ 47. Kf3
Bb5 48. Nc6 Rd2 49. Nd4 Bd7 50. Nxc4 Rh2 51. Nb6 Be8 52. d6 Rh3+ 53. Kg2 Rh4
54. Kg3 Kf7 55. d7 Bxd7 56. Nxd7 Rh6 57. Nf3 Ke8 58. Nf8 Kd8 59. Kg2 Kc7 60. c4
Kc6 61. Ne6 Kb7 1-0

[Event "XII Festival A"]
[Site "Lucca ITA"]
[Date "2000.10.14"]
[Round "4"]
[White "Bini, Lorenzo"]
[Black "Carzolio, Luigi"]
[Result "1/2-1/2"]
[WhiteElo "2065"]
[BlackElo "1814"]
[PlyCount "88"]
[EventDate "2000.10.07"]

1. d3 g6 2. g3 Bg7 3. Bg2 c5 4. c3 e6 5. Nf3 Nc6 6. O-O Nge7 7. Qc2 Rb8 8. e4
d6 9. Be3 O-O 10. Nbd2 b5 11. Rad1 e5 12. Nh4 Be6 13. f4 f5 14. Nhf3 Kh8 15.
fxe5 Nxe5 16. Nxe5 Bxe5 17. Nf3 Bg7 18. Ng5 Bg8 19. d4 h6 20. Nh3 Qc8 21. Qd2
Kh7 22. dxc5 dxc5 23. Qd6 Re8 24. Bxc5 fxe4 25. Nf4 Qc6 26. Qxc6 Nxc6 27. Rfe1
b4 28. Bxe4 Ne5 29. cxb4 Bxa2 30. Bd6 Bf7 31. Bxb8 Rxb8 32. Nd5 Bxd5 33. Bxd5
Rxb4 34. b3 Rb5 35. Kg2 h5 36. h3 Kh6 37. Re4 Rb8 38. Ra4 Rc8 39. Rxa7 Rc2+ 40.
Kh1 Rc3 41. Re1 Nd3 42. Ree7 Rc1+ 43. Kh2 Rc2+ 44. Bg2 Bb2 1/2-1/2

[Event "XII Festival A"]
[Site "Lucca ITA"]
[Date "2000.10.14"]
[Round "4"]
[White "Calugi, Francesco"]
[Black "Masullo, Andrea"]
[Result "1-0"]
[WhiteElo "1804"]
[BlackElo "1837"]
[PlyCount "52"]
[EventDate "2000.10.07"]

1. e4 c5 2. Nf3 d6 3. d4 cxd4 4. Nxd4 Nf6 5. Nc3 g6 6. Be3 Bg7 7. f3 O-O 8. Qd2
Nc6 9. O-O-O Re8 10. g4 Bd7 11. h4 h5 12. gxh5 Nxh5 13. Rg1 Ne5 14. Be2 Qc8 15.
Rg5 Bf6 16. Rxh5 gxh5 17. Bg5 Bh8 18. Rg1 Kh7 19. f4 Ng4 20. f5 Qc5 21. Nf3
Rac8 22. Nd5 Ba4 23. c3 Ne5 24. Be3 Nxf3 25. Bxf3 Qa5 26. Rg5 Rg8 1-0

[Event "XII Festival A"]
[Site "Lucca ITA"]
[Date "2000.10.14"]
[Round "4"]
[White "Corso, Roberto"]
[Black "Patelli, Alessandro"]
[Result "0-1"]
[WhiteElo "1705"]
[BlackElo "2244"]
[PlyCount "76"]
[EventDate "2000.10.07"]

1. e4 c5 2. Nf3 d6 3. d4 cxd4 4. Nxd4 Nf6 5. Nc3 Nc6 6. Bc4 e6 7. Be3 Be7 8.
Qe2 a6 9. Bb3 O-O 10. O-O-O Qe8 11. g4 Nxd4 12. Bxd4 Nd7 13. h4 Nc5 14. g5 b5
15. g6 Nxb3+ 16. axb3 fxg6 17. h5 Bg5+ 18. Kb1 b4 19. Na4 e5 20. Rdg1 Bf4 21.
hxg6 h6 22. Be3 Be6 23. Nb6 Rd8 24. Nc4 Qb5 25. Bxf4 Rxf4 26. Rxh6 gxh6 27. Qh5
Kg7 28. Rh1 Rh8 29. Nxd6 Bg4 30. Qh2 Qe2 31. Nf7 Qxf2 32. Qxf2 Rxf2 33. Nxh8
Kxh8 34. Rxh6+ Kg7 35. Rh7+ Kxg6 36. Rb7 Bd1 37. Rxb4 Bxc2+ 38. Kc1 Bd3 0-1

[Event "XII Festival A"]
[Site "Lucca ITA"]
[Date "2000.10.14"]
[Round "4"]
[White "Donatini, Andrea"]
[Black "Innocenti, Luca"]
[Result "1/2-1/2"]
[WhiteElo "1824"]
[BlackElo "1668"]
[PlyCount "79"]
[EventDate "2000.10.07"]

1. e4 c6 2. d4 d5 3. exd5 cxd5 4. c4 Nf6 5. Nc3 g6 6. Nf3 Bg7 7. Qb3 O-O 8.
cxd5 Nbd7 9. g3 Nb6 10. Bg2 Nfxd5 11. O-O a5 12. Ne5 e6 13. Rd1 a4 14. Qc2 Qc7
15. Qe2 Nxc3 16. bxc3 Qxc3 17. Bb2 Qa5 18. Ba3 Re8 19. Rab1 Nd5 20. Qd3 Qd8 21.
Rdc1 b6 22. Qf3 Qf6 23. Qxf6 Bxf6 24. f4 Bb7 25. Bd6 Rec8 26. a3 Rxc1+ 27. Rxc1
Rc8 28. Rb1 Bd8 29. Nd7 Bc6 30. Bxd5 Bxd7 31. Be4 Rc4 32. Rb4 Rxb4 33. Bxb4 f6
34. Kf2 Kf7 35. Ke3 Be7 36. Bxe7 Kxe7 37. Kd3 Kd6 38. Kc4 Bc6 39. Bc2 b5+ 40.
Kc3 1/2-1/2

[Event "XII Festival A"]
[Site "Lucca ITA"]
[Date "2000.10.14"]
[Round "4"]
[White "Frilli, Guido"]
[Black "Tocchioni, Doriano"]
[Result "0-1"]
[WhiteElo "1600"]
[BlackElo "2250"]
[PlyCount "54"]
[EventDate "2000.10.07"]

1. e4 c6 2. d4 d5 3. Nc3 dxe4 4. Nxe4 Nf6 5. Nxf6+ gxf6 6. Nf3 Bf5 7. Bd3 Nd7
8. Bf4 e6 9. c3 Bg6 10. Qe2 Qa5 11. O-O Rg8 12. c4 Qh5 13. Ne1 Qh4 14. Be3
O-O-O 15. Qf3 Bd6 16. g3 Bh5 17. Qe4 Qxe4 18. Bxe4 Be2 19. Bxh7 Rh8 20. Bd3
Bxf1 21. Bxf1 f5 22. Ng2 Nf6 23. Bg5 Be7 24. Rd1 c5 25. Be3 Ng4 26. h4 Nxe3 27.
fxe3 cxd4 0-1

[Event "XII Festival A"]
[Site "Lucca ITA"]
[Date "2000.10.14"]
[Round "4"]
[White "Koroveshi, Thoma"]
[Black "Riccio, Eros"]
[Result "1-0"]
[WhiteElo "2041"]
[BlackElo "2122"]
[PlyCount "61"]
[EventDate "2000.10.07"]

1. c4 Nf6 2. Nc3 g6 3. e4 d6 4. d4 Bg7 5. f3 O-O 6. Bg5 c5 7. d5 h6 8. Be3 e6
9. Qd2 exd5 10. cxd5 Kh7 11. Bd3 a6 12. a4 Nbd7 13. g4 Ne5 14. Be2 Ng8 15. h3
f5 16. f4 Nf7 17. exf5 gxf5 18. Nf3 Re8 19. g5 Qe7 20. Kf2 hxg5 21. fxg5 Ne5
22. Rae1 Qf7 23. Bf4 Kh8 24. Nh4 Bf8 25. Qd1 Qh7 26. Kg3 Bd7 27. Bh5 Re7 28.
Rxe5 dxe5 29. Ng6+ Qxg6 30. Bxg6 exf4+ 31. Kf2 1-0

[Event "XII Festival A"]
[Site "Lucca ITA"]
[Date "2000.10.14"]
[Round "4"]
[White "Mola, Pietro"]
[Black "Jurkovic, Ante"]
[Result "1-0"]
[WhiteElo "2250"]
[BlackElo "2370"]
[PlyCount "92"]
[EventDate "2000.10.07"]

1. e4 e6 2. d4 d5 3. Nc3 Nf6 4. Bg5 Be7 5. e5 Nfd7 6. Bxe7 Qxe7 7. f4 O-O 8.
Nf3 c5 9. Qd2 Nc6 10. dxc5 Nxc5 11. O-O-O Bd7 12. g3 a6 13. Kb1 b5 14. Bd3 f5
15. exf6 Qxf6 16. Rhe1 Rac8 17. Ng5 Nxd3 18. Qxd3 Qf5 19. Qxf5 Rxf5 20. Nxe6
Rh5 21. h4 Re8 22. Nc7 Rxe1 23. Rxe1 d4 24. N3d5 Kf7 25. b3 a5 26. Kb2 b4 27.
Nb6 Bg4 28. Nc4 Rc5 29. Ne8 Kg6 30. Ned6 h6 31. Kc1 Bf5 32. Kd2 Rd5 33. Ne5+
Nxe5 34. fxe5 d3 35. Nxf5 dxc2+ 36. Kxc2 Kxf5 37. e6 Rd8 38. e7 Re8 39. Kd3 Kg4
40. Re3 Kh3 41. Kd4 Kg2 42. g4 Kf2 43. Re4 g6 44. Kd5 Kf3 45. g5 hxg5 46. hxg5
Kg3 1-0

[Event "XII Festival A"]
[Site "Lucca ITA"]
[Date "2000.10.14"]
[Round "4"]
[White "Nelli, Luca"]
[Black "Casarosa, Michele"]
[Result "1-0"]
[WhiteElo "1927"]
[BlackElo "1786"]
[PlyCount "77"]
[EventDate "2000.10.07"]

1. c4 g6 2. Nc3 Bg7 3. g3 d6 4. Bg2 Nc6 5. e3 e5 6. Nge2 Nge7 7. d4 O-O 8. O-O
exd4 9. Nxd4 Nxd4 10. exd4 Nf5 11. Be3 Nxe3 12. fxe3 Qg5 13. Qf3 c6 14. Ne4 Qe7
15. Qf4 c5 16. Rad1 cxd4 17. exd4 Bf5 18. Nxd6 Rad8 19. Nxf5 gxf5 20. Bd5 Rde8
21. Qxf5 Qe3+ 22. Qf2 Qxf2+ 23. Kxf2 Re7 24. Rfe1 Rfe8 25. Rxe7 Rxe7 26. b3 Kf8
27. Bf3 b6 28. b4 Bh6 29. Rd3 Bc1 30. c5 bxc5 31. bxc5 Rc7 32. Rb3 Ke8 33. Rb7
Rxb7 34. Bxb7 Kd7 35. Ke2 h6 36. Kd3 Bg5 37. d5 Bd8 38. Ke4 Ba5 39. d6 1-0

[Event "XII Festival A"]
[Site "Lucca ITA"]
[Date "2000.10.14"]
[Round "4"]
[White "Zucconi, Leandro"]
[Black "Gorelli Fagiolini, Marco"]
[Result "1-0"]
[WhiteElo "2171"]
[BlackElo "2203"]
[PlyCount "143"]
[EventDate "2000.10.07"]

1. Nf3 d5 2. d4 Nf6 3. c4 e6 4. Nc3 Be7 5. Bg5 O-O 6. e3 h6 7. Bxf6 Bxf6 8. Rc1
a6 9. Bd3 Nc6 10. O-O dxc4 11. Bxc4 e5 12. dxe5 Nxe5 13. Nxe5 Bxe5 14. Qh5 Qe8
15. Rfd1 c6 16. Bb3 Qe7 17. Na4 Bc7 18. Nc5 b6 19. Nd3 c5 20. Qf3 Bb7 21. Bd5
Bxd5 22. Qxd5 Rfd8 23. Qc4 Bd6 24. a4 Qb7 25. b4 cxb4 26. Nxb4 Bxb4 27. Qxb4 b5
28. h3 Rxd1+ 29. Rxd1 Rb8 30. Rb1 Qc7 31. Qb3 b4 32. Kf1 a5 33. Rd1 Rc8 34. Rd5
Qc2 35. Qxc2 Rxc2 36. g3 b3 37. Rb5 b2 38. Kg2 Kf8 39. Rb7 Ke8 40. h4 Kd8 41.
Kf3 Kc8 42. Rb5 Kc7 43. g4 Kd6 44. Kg3 Ke6 45. f3 Re2 46. e4 g5 47. h5 Kd6 48.
Kh3 Kc6 49. Kg3 Rc2 50. Kh3 Rc3 51. Kg3 Rc2 52. Kh3 Rc4 53. Rxb2 Rxa4 54. Rb8
Rd4 55. Ra8 Kb6 56. e5 Rd3 57. Rh8 Rxf3+ 58. Kg2 Re3 59. Rxh6+ Kb5 60. Rf6 Rxe5
61. Rf5 Rxf5 62. gxf5 a4 63. h6 Kc4 64. h7 a3 65. h8=Q Kb3 66. Qa1 a2 67. Kf3
Ka3 68. Ke3 Kb3 69. Kd4 g4 70. Kd3 g3 71. Qc3+ Ka4 72. Kc4 1-0

[Event "XII Festival A"]
[Site "Lucca ITA"]
[Date "2000.10.15"]
[Round "5"]
[White "Amato, Giampiero"]
[Black "Donatini, Andrea"]
[Result "0-1"]
[WhiteElo "1752"]
[BlackElo "1824"]
[PlyCount "112"]
[EventDate "2000.10.07"]

1. e4 e5 2. Nf3 Nc6 3. Bb5 Nf6 4. O-O Nxe4 5. Re1 Nd6 6. Nxe5 Nxe5 7. Rxe5+ Be7
8. Bf1 O-O 9. Nc3 Bf6 10. Re1 c6 11. d3 Nf5 12. Ne4 Be7 13. Bf4 d5 14. Nd2 Bf6
15. c3 Nd6 16. d4 Bf5 17. Nf3 Ne4 18. Bd3 Re8 19. Qc2 Bg6 20. Be5 Bxe5 21. Nxe5
Nd6 22. Nxg6 hxg6 23. Re5 Qd7 24. Rae1 Rad8 25. b3 f5 26. R1e3 Nf7 27. Rxe8+
Rxe8 28. Qe2 Rxe3 29. Qxe3 Kf8 30. f3 Qe7 31. Qxe7+ Kxe7 32. g4 Kf6 33. Kf2 Kg5
34. gxf5 gxf5 35. Kg3 f4+ 36. Kh3 Nd6 37. Bc2 Nb5 38. c4 Nxd4 39. Bd1 dxc4 40.
bxc4 Nf5 41. Bc2 Ne3 42. Bd3 Kh5 43. Be2 g5 44. Bd3 Kh6 45. Be2 Kg6 46. Bd3+
Kf6 47. Be4 Nxc4 48. Kg4 Ne3+ 49. Kh5 c5 50. Bxb7 c4 51. h4 gxh4 52. Kxh4 c3
53. Be4 c2 54. Bxc2 Nxc2 55. Kg4 Ke5 56. Kg5 a5 0-1

[Event "XII Festival A"]
[Site "Lucca ITA"]
[Date "2000.10.15"]
[Round "5"]
[White "Carzolio, Luigi"]
[Black "Masullo, Andrea"]
[Result "0-1"]
[WhiteElo "1814"]
[BlackElo "1837"]
[PlyCount "52"]
[EventDate "2000.10.07"]

1. b4 d5 2. Bb2 Qd6 3. a3 e5 4. e3 Nf6 5. Nf3 Nbd7 6. c4 c6 7. cxd5 Nxd5 8. Qc2
g6 9. d4 Bg7 10. Nbd2 exd4 11. Nxd4 O-O 12. Be2 Re8 13. O-O Qe7 14. N2f3 Ne5
15. Rfe1 a5 16. bxa5 Rxa5 17. Nb3 Ra8 18. Nxe5 Bxe5 19. Bxe5 Qxe5 20. Bf3 Qd6
21. Red1 Rxa3 22. Rxa3 Qxa3 23. Bxd5 cxd5 24. Rxd5 Be6 25. Rb5 Rc8 26. Nc5 Qa1+
0-1

[Event "XII Festival A"]
[Site "Lucca ITA"]
[Date "2000.10.15"]
[Round "5"]
[White "Casarosa, Michele"]
[Black "Bini, Lorenzo"]
[Result "0-1"]
[WhiteElo "1786"]
[BlackElo "2065"]
[PlyCount "91"]
[EventDate "2000.10.07"]

1. e4 d6 2. d4 g6 3. Nc3 Bg7 4. Nf3 c6 5. Be2 Nd7 6. O-O h6 7. Be3 g5 8. Ne1 e5
9. Qd2 Ne7 10. Rd1 Ng6 11. dxe5 dxe5 12. Bg4 Qe7 13. Nd3 O-O 14. a3 Re8 15. g3
Nf6 16. Bxc8 Rexc8 17. f3 Kh7 18. h3 Nh5 19. Qf2 b6 20. Nb4 Qe6 21. Kh2 Bf8 22.
Rd2 Nhf4 23. gxf4 gxf4 24. Nd3 fxe3 25. Qxe3 Be7 26. Ne2 Bg5 27. f4 exf4 28.
Ndxf4 Qe7 29. Kh1 Rd8 30. Rxd8 Rxd8 31. Qf3 Nh4 32. Qe3 Ng6 33. Nxg6 fxg6 34.
Qf3 Rd7 35. Nc3 Qe6 36. Rf2 Bd8 37. Kg2 Bc7 38. Kf1 Be5 39. Kg2 Bxc3 40. bxc3
Re7 41. Re2 Kg7 42. Qe3 c5 43. e5 Qd5+ 44. Kg3 Qc4 45. Qd3 Qe6 46. Qe4 0-1